Athletics : the international track and field annual.

Bibliographic Details
Previous Title:International athletics annual
Format: Serial
Language:English
Published: London : Simon & Schuster, ©1987-©1989.
Subjects:

MARC

Tag First Indicator Second Indicator Subfields
LEADER 00000cas a2200000 4500
001 in00000010539
005 20151007051406.0
008 880310d19871990enkar |||| 0uuua0eng
010 |z sn90-40553 
035 |a (OCoLC)17610404 
035 |9 AAA2756AM 
040 |a TXA  |c TXA  |d UtOrBLW 
042 |a lcd 
049 |a TXAE 
050 4 |a GV561  |b .W6 
245 0 0 |a Athletics : the international track and field annual. 
264 1 |a London :  |b Simon & Schuster,  |c ©1987-©1989. 
300 |a  volumes :  |b illustrations ;  |c 18 cm. 
336 |a text  |b txt  |2 rdacontent 
337 |a unmediated  |b n  |2 rdamedia 
338 |a volume  |b nc  |2 rdacarrier 
362 0 |a 1987-'89/90. 
500 |a Imprint varies. 
650 0 |a Sports  |v Periodicals. 
780 0 0 |t International athletics annual 
999 |a MARS 
999 f f |s aa136008-c7ea-3733-9ac1-932409804eca  |i 474b620d-43bd-3774-975a-37afc53c7b6f  |t 0 
952 f f |p ric  |a Texas A&M University  |b Rellis Campus  |c Joint Library Facility  |d Remote Storage  |t 0  |e GV561 .W6  |h Library of Congress classification  |i unmediated -- volume  |l 1987  |m A14811326157 
952 f f |p ric  |a Texas A&M University  |b Rellis Campus  |c Joint Library Facility  |d Remote Storage  |t 0  |e GV561 .W6  |h Library of Congress classification  |i unmediated -- volume  |l 1989/1990  |m A14812308330 
998 f f |a GV561 .W6  |s 1987,1989/1990  |t 0  |l Remote Storage